| 000 | 00435nam a22001577a 4500 | ||
|---|---|---|---|
| 005 | 20241024151147.0 | ||
| 008 | 241024b |||||||| |||| 00| 0 eng d | ||
| 020 | _a978-93-953311-7-3 | ||
| 041 | _aeng | ||
| 100 |
_aBHARTI, DR. RAJENDRA KUMAR AND OTHERS _98593 |
||
| 245 | _aA TEXTBOOK OF COMPUTER NETWORKS | ||
| 260 |
_aSARAVANAMPATTI COIMBATORE _bR.K. PUBLISHERS _c2022 |
||
| 300 | _a286;P | ||
| 650 |
_aCOMPUTER _94872 |
||
| 942 | _cBK | ||
| 999 |
_c8723 _d8721 |
||